| 000 | 00355nam a2200133 4500 | ||
|---|---|---|---|
| 005 | 20260519141847.0 | ||
| 020 | _a9781836595151 | ||
| 082 |
_a304.6 _bROB |
||
| 100 |
_aRoberts, Gabriel _914776 |
||
| 245 |
_aSocial Demography: _cGabriel Roberts |
||
| 260 |
_aUnited Kingdom: _bEd-Tech Press, _c2026 |
||
| 650 |
_aSocial Demography _914777 |
||
| 942 |
_2ddc _cBK |
||
| 999 |
_c759644 _d759644 |
||